| 000 | 01872nam a22002897a 4500 | ||
|---|---|---|---|
| 999 |
_c63173 _d63173 |
||
| 003 | Ge_BSU | ||
| 005 | 20250618104514.0 | ||
| 008 | 250618s2024 ge ||||| |||| 00| 0 geo d | ||
| 020 | _a9789941253872 | ||
| 041 | _ageo | ||
| 080 | _a343.2 ს-54 | ||
| 245 |
_aსისხლის სამართალი : _bზოგადი ნაწილი : სახელმძღვანელო / _c [რედ.: გურამ ნაჭყებია, ნონა თოდუა; ავტორთა კოლექტივი: გ. ტყეშელაშვილი, მ. ლეკვეიშვილი, გ. ნაჭყებია, ნ. თოდუა, ქ. მჭედლიშვილი-ჰედრიხი, გ. მამულაშვილი, მ. ივანიძე, ი. ხერხეულიძე]. |
||
| 250 | _aმეხუთე გამოცემა | ||
| 264 |
_aთბილისი : _bმერიდიანი, _c2024. |
||
| 300 |
_a840 გვ.; _b25 სმ. |
||
| 653 | _a სამართალი | ||
| 653 | _aსისხლის სამართალი | ||
| 700 |
_aნაჭყებია, გურამ _eრედაქტორი, ავტორი _9219 |
||
| 700 |
_aთოდუა, ნ. _eრედაქტორი, ავტორი _99612 |
||
| 700 |
_aტყეშელაშვილი, გ. _eავტორი _91250 |
||
| 700 |
_aლეკვეიშვილი, მ. _eავტორი _93505 |
||
| 700 |
_aმჭედლიშვილი-ჰედრიხი, ქ. _eავტორი _925449 |
||
| 700 |
_aმამულაშვილი, გ. _eავტორი _925450 |
||
| 700 |
_a ივანიძე, მ. _eავტორი _925451 |
||
| 700 |
_aხერხეულიძე, ი. _eავტორი _925452 |
||
| 942 |
_2udc _cᲬᲘᲒᲜᲘ |
||